Country Flag-Shapes by Partial Images #2 - Statistics

General Stats
  • This quiz has been taken 13 times
  • The average score is 17 of 25
Answer Stats
Picture Answer % Correct
United Kingdom
100%
France
90%
Indonesia
90%
Norway
90%
Panama
90%
Chile
80%
Kazakhstan
80%
North Korea
80%
Portugal
80%
Bahamas
70%
China
70%
Haiti
70%
India
70%
Malta
70%
Rep. of the Congo
70%
Argentina
60%
Cuba
60%
Eritrea
60%
Mexico
60%
Philippines
60%
Switzerland
60%
Thailand
50%
Ukraine
50%
Kyrgyzstan
40%
Vietnam
40%
No matching quizzes found
Score Distribution
Percent of People with Each Score
Percentile by Number Answered
Your Score History
You have not taken this quiz